najwieksze miasta w unii europejskiej - Statystyki

Ogólne statystyki
  • Ten quiz został rozwiązany 93 razy
  • Średni wynik to 13 z 15
Statystyki odpowiedzi
numer miasto % Poprawnych
2 madryt
100%
7 warszawa
100%
1 berlin
99%
4 paryż
99%
3 rzym
96%
13 praga
93%
10 barcelona
91%
9 budapeszt
89%
5 wiedeń
88%
6 bukareszt
87%
12 mediolan
79%
11 monachium
79%
8 hamburg
71%
14 sofia
58%
15 kolonia
38%
Nie znaleziono quizów pasujących do podanych kryteriów
Rozkład punktacji
Procent ludzi z każdym wynikiem
Percentyl według liczby udzielonych odpowiedzi
Twoja historia wyników
Nie rozwiązałeś tego quizu